Word Ladder: Shakespeare Theme Quiz Stats

 Plays Quiz Updated Jul 26, 2014

Support Sporcle.
Go Orange.
Score 0/37 Timer 04:00
0 Plays Today
Hint 4-Letter Word % Correct
Burrowing mammalMOLE
94.7%
Make motionMOVE
94.3%
Narrate a storyTELL
93.5%
Fare for crossing a bridgeTOLL
93.1%
Turn from solid to liquidMELT
93.1%
# All's ____ [Rung 9] Ends ____ #WELL
92.9%
North or South, e.g.POLE
92.6%
Eye moistureTEAR
92.5%
Bluish-green TEAL
92.4%
An actor's partROLE
92.4%
Form into a ballROLL
91.7%
Former Brazilian footballerPELÉ
91.2%
Whipping injuryWELT
90.8%
# King ____ #LEAR
89.8%
Animal coatPELT
89.3%
# ____'s Labour's [Rung 34] #LOVE
87.7%
Cook meatSEAR
86.5%
# As You ____ It #LIKE
86.3%
Look at lecherouslyLEER
85%
Hint 4-Letter Word % Correct
FleshMEAT
82.5%
Part of baby's bottleTEAT
81%
Former Italian currencyLIRE
80.8%
# All's [Rung 14] ____ Ends [Rung 14] #THAT
80.5%
Mystic shamanSEER
80.4%
Organic fuelPEAT
79.2%
AdornWEAR
76.2%
Ancient stringed instrumentLYRE
75.4%
# [Rung 1]'s Labour's ____ #LOST
74.8%
Whipping injuryWEAL
73.2%
AgendaLIST
72.5%
Recording mediaTAPE
71.6%
Slang term for coolPHAT
71.3%
Woven hempROPE
68.5%
Meitner the nuclear physicistLISE
67.1%
# The ____ of Lucrece #RAPE
65%
Things of the same general characterTYPE
63.7%
# Pericles, Prince of ____ #TYRE
62.7%

Today's Daily Dose

You're not logged in!

Compare scores with friends on all Sporcle quizzes.
OR
Log In

From the Vault

Find the Mario Party Minigames

by Noldeh

There's a generation of Sporclers who are about to be suddenly reminded why they don't play video games with their siblings anymore.
Remove Ads.
Support Sporcle.
Get the best of Sporcle when you Go Orange. This ad-free experience offers more features, more stats, and more fun while also helping to support Sporcle. Thank you for becoming a member.

Show Comments

Extras

Top Quizzes Today


Score Distribution

Your Account Isn't Verified!

In order to create a playlist on Sporcle, you need to verify the email address you used during registration. Go to your Sporcle Settings to finish the process.

Report this User

Report this user for behavior that violates our Community Guidelines.

Details: